| 000 | 00649nam a2200229 i 4500 | ||
|---|---|---|---|
| 001 | 171605 | ||
| 003 | ES-MaACL | ||
| 005 | 20250830221256.0 | ||
| 008 | 090522s1957 sp |||| |dspa d | ||
| 080 | _a913(73) | ||
| 100 | 1 |
_aSoldati, Mario. _9140284 |
|
| 245 | 1 | 0 |
_aAndanzas por Norteamérica / _cMario Soldati ; [versión Manuel Alonso]. |
| 250 | _a1ª ed. | ||
| 260 |
_aMadrid : _bTaurus, _c1957. |
||
| 300 |
_a263 p. ; _c21 cm. |
||
| 490 | 1 | _aLa veleta | |
| 651 | 4 |
_aEstados Unidos- _xDescripción _98538 |
|
| 700 | 1 |
_aAlonso, Manuel. _920227 |
|
| 830 | 0 |
_aLa veleta _9178640 |
|
| 852 |
_aES-MaACL _jC-17734 |
||
| 999 |
_c171605 _d171605 |
||